[Event "Petroupoli ASOP Dias op 4th"]
[Site "Petroupoli"]
[Date "2011.06.04"]
[Round "1"]
[White "Giannopoulos, Panagiotis"]
[Black "Georgopoulou, Eytyhia"]
[Result "0-1"]
[WhiteElo "1000"]
[BlackElo "1500"]
[PlyCount "32"]
[EventDate "2011.06.04"]
[EventType "swiss"]
[EventRounds "7"]
[EventCountry "GRE"]
[SourceTitle "EXT 2024"]
[Source "ChessBase"]
[SourceDate "2023.10.10"]
[SourceVersion "1"]
[SourceVersionDate "2023.10.10"]
[SourceQuality "1"]

1. e4 c5 2. d4 cxd4 3. Qxd4 Nc6 4. Qc3 e5 5. Nf3 Bb4 6. Bg5 Bxc3+ 7. Nxc3 Nf6 8. Nb5 0-0 9. Be2 h6 10. Bh4 Qa5+ 11. c3 Nxe4 12. b4 Qb6 13. 0-0 a6 14. Na3 Nxc3 15. Nc4 Nxe2+ 16. Kh1 Qxb4 0-1